000 00362 a2200169 4500
001 186520
020 _a85-262-5208-9
040 _cMagnum
100 _aDumas, Alexandre
240 1 0 _aOs três mosqueteiros
_lpor
245 1 0 _aOs três mosqueteiros
300 _a48
362 0 _a2004
440 1 _aScipione
697 _aLITERATURA INFANTO
942 _cBK
999 _c186520
_d186520